00580nam a2200169Ia 4500008004100000020001800041041000800059082001600067100002200083245007900105250000600184260004000190300001000230700002100240999001900261952013000280210716s2002 xx 000 0 und d a9788173717345 aeng a003.55 RAOV aRao, V Sree Hari. aInformation technology: for real world problems.bfor real world problems. a1 aHyderabadbUniversities Pressc2002 ax,287 aRaov, Sree Hari. c192072d192072 001040708MCAaAIMITbAIMITeKnowledge Worldg675.00l0o003.55 RAOVpMCA11580r2025-07-21 00:00:00v506.25w2021-07-16yBK